Word Ladder: What You Do If You Catch On Fire Quiz Stats

 Plays Quiz Updated Aug 20, 2012

Challenge
Share
Tweet
Embed
Score 0/16 Timer 02:00
1 Play Today
Clue Answer % Correct
What to do if you catch on fire (2nd word)•DROP•
95.9%
Leaky faucet soundDRIP
93.3%
What to do if you catch on fire (1st word)•STOP•
93.1%
What to do if you catch on fire (3rd word)•ROLL•
93%
Get-out-of-jail moneyBAIL
90.8%
Object on stagePROP
90.6%
Cheese on a mousetrap or worm on a hookBAIT
90.6%
Part in a playROLE
88.2%
Clue Answer % Correct
'Get a ____!'GRIP
85.1%
Hog chowSLOP
83.4%
Alka-Seltzer soundPLOP
82.4%
Trot or gallop e.g.GAIT
75.1%
Sand granulesGRIT
73%
Youngest Batman portrayerBALE
68.6%
Arnaz's partnerBALL
66.2%
Trunk of a treeBOLE
62.8%

Today's Daily Dose

You're not logged in!

Compare scores with friends on all Sporcle quizzes.
Join for Free
OR
Log In

You Might Also Like...

Show Comments

Extras

Top Quizzes Today


Score Distribution

Your Account Isn't Verified!

In order to create a playlist on Sporcle, you need to verify the email address you used during registration. Go to your Sporcle Settings to finish the process.

Report this User

Report this user for behavior that violates our Community Guidelines.

Details: